Real Zaragoza Squad 2025-2026 - Statistics

General Stats
  • This quiz has been taken 33 times
    5 since last reset
  • The average score is 34 of 37
Answer Stats
# Position Nation Player % Correct
13 GK Argentina Adrián Rodríguez
100%
16 DF Serbia Aleksandar Radovanović
100%
15 DF Spain Carlos Pomares
100%
9 FW Spain Dani Gómez
100%
- Coach Spain David Navarro
100%
1 GK Argentina Esteban Andrada
100%
14 MF Spain Francho Serrano
100%
- Coach Spain Gabi
100%
18 DF Morocco Jawad El Yamiq
100%
27 DF Spain Juan Larios
100%
2 DF Spain Juan Sebastián
100%
6 MF Albania Keidi Bare
100%
19 FW Bosnia and Herzegovina Kenan Kodro
100%
23 FW Spain Marcos Cuenca
100%
20 DF Spain Martín Aguirregabiria
100%
4 DF Spain Pablo Insua
100%
18 FW Spain Paulino de la Fuente
100%
29 FW Spain Pau Sans
100%
10 MF Spain Raúl Guti
100%
- Coach Spain Rubén Sellés
100%
11 FW Bosnia and Herzegovina Samed Baždar
100%
17 FW Spain Sebas Moyano
100%
12 FW Turkey Sinan Bakış
100%
8 MF Spain Toni Moya
100%
33 MF Ghana Yussif Saidu
100%
36 DF Spain Ale Gomes
75%
3 DF Spain Dani Tasende
75%
- Coach Spain Emilio Larraz
75%
7 FW Spain Mario Soberón
75%
26 MF Ghana Mawuli Mensah
75%
25 FW Serbia Nikola Čumić
75%
24 MF Ivory Coast Paul Akouokou
75%
11 FW Spain Rober González
75%
22 DF Slovakia Sebastian Kóša
75%
5 DF Spain Tachi
75%
22 FW Nigeria Willy Agada
75%
21 FW Spain Valery Fernández
50%
No matching quizzes found
Score Distribution
Percent of People with Each Score
Percentile by Number Answered
Your Score History
You have not taken this quiz since the last reset